| 000 | 00633nam a2200241Ia 4500 | ||
|---|---|---|---|
| 001 | 42730 | ||
| 005 | 20240114003518.0 | ||
| 007 | ta | ||
| 008 | 080717s1962 g b000 u 465 u | ||
| 040 | _aCotton College,Assam | ||
| 041 | _a465 | ||
| 082 |
_a342.9 _bSa 74 M |
||
| 100 | _aSharma, Indra D . | ||
| 245 | 0 |
_aModern Constitution At Work / _cIndra D.sharma. _hTextual Documents |
|
| 250 | _aIst ed / | ||
| 260 |
_aBombay : _bAsia Publishing House , _c1962. |
||
| 300 |
_a552p ; _c22cm. |
||
| 653 | _aModern Constitution-Law | ||
| 653 | _aT/G-Law | ||
| 942 |
_2ddc _cBK |
||
| 999 |
_c42696 _d42696 |
||